000 00647nam a22001697a 4500
003 MACL
005 20150704143632.0
008 150704b xxu||||| |||| 00| 0 eng d
040 _cMACL
041 _aHindi
082 _a741.642
100 _aस्‍वामी, मीनाक्षी
_9582
245 _aपीतल का पतीलाा, चतुराई का पुरूस्‍कार, पानी बरसने वाला है
260 _aनोएडाा
_bरेमाधव पब्लिकेशन्‍स
_c2007
650 _aचिल्‍ड्रन बुक्‍स
_9343
942 _2ddc
_cHIN
999 _c49991
_d49991